K príjmom fyzických osôb, ktoré sa nezdaňujú

Problematika príjmov občanov, ktoré nepodliehajú zdaneniu daňou z príjmov fyzickej osoby v súlade s ustanoveniami zákona č. 595/2003 Z.z. o dani z príjmov v znení neskorších predpisov. Ilustračné príklady.

Salvato in:
Dettagli Bibliografici
Autore principale: Jarinkovičová, Valéria
Natura: Capitolo di libro
Lingua:slovacco
Soggetti:
Tags: Aggiungi Tag
Nessun Tag, puoi essere il primo ad aggiungerne!!

MARC

LEADER 00000naa a2200000 4500
001 0247915
005 20221104112944.3
041 0 |a slo 
044 |a SK 
245 1 0 |a K príjmom fyzických osôb, ktoré sa nezdaňujú  |c Valéria Jarinkovičová 
520 |a Problematika príjmov občanov, ktoré nepodliehajú zdaneniu daňou z príjmov fyzickej osoby v súlade s ustanoveniami zákona č. 595/2003 Z.z. o dani z príjmov v znení neskorších predpisov. Ilustračné príklady. 
610 2 0 |a zákony 
610 2 0 |a Slovensko 
610 2 0 |a dane z príjmov 
610 2 0 |a osoby fyzické 
610 2 0 |a podiely na zisku 
610 2 0 |a oslobodenie od daní 
100 1 |a Jarinkovičová, Valéria